Paštéka v Prahe

Bibliographic Details
Main Author: Millerová, Dagmar (Author)
Format: Article
Language:Slovak
ISSN:0862-5999
Subjects:

MARC

LEADER 00000nab a2200000 a 4500
001 vtls009173662
003 SK-MaSNL
005 20260305004901.0
008 140422c2007 xo |||||| | ||00 b|slo
015 |a SNBRB2008/01  |2 snkbucl 
038 |a SNKBUCL 
040 |a SNKBUCL  |b slo  |c SNKBUCL  |e AACR2 
041 0 |a slo 
044 |a xo  |c SK 
080 |a 76.071.1  |2 1997 
080 |a 061.4  |2 1997 
100 1 |a Millerová, Dagmar  |4 aut  |9 870744 
245 1 0 |a Paštéka v Prahe  |c Dagmar Millerová 
600 1 7 |a Paštéka, Milan,  |d 1931-1998  |2 snkbucl  |9 13307 
610 2 7 |a Slovenský inštitút (Praha, Česko)  |2 snkbucl  |9 58144 
650 0 7 |a výstavy  |2 snkbucl  |9 2780 
651 7 |a Praha (Česko)  |2 snkbucl  |9 19313 
773 0 |t Literárny (dvoj)týždenník  |g Roč. XX, č. 37-38 (2007), s. 13  |x 0862-5999 
852 |a SNK  |b KIS3GCP 
958 |a CZ 
999 |c 3237939  |d 3239869